000 00813nam a22002057a 4500
999 _c18409
_d18409
005 20251125232906.0
008 s2544 th tha d
040 _aNALT
041 _atha
245 1 0 _aกระทรวงกลาโหม
260 3 _aกรุงเทพฯ :
_bโรงพิมพ์สำนักงานเลขาธิการคณะรัฐมนตรี,
_c2544
300 _a93 หน้า :
_b ตาราง ;
_c 21 ซม.
650 0 4 _aควบคุมยุทธภัณฑ์ (พ.ร.บ.) -- 2530
650 0 4 _aยุทธภัณฑ์
850 _aNALT
856 4 0 _uhttps://hdl.handle.net/20.500.14156/465348
942 _cLB
_2lcc
998 _j25
_k นีลวัสน์ อินทรักษา
090 _aKG15 ก314 2544